THE RICH NATIONS AND POOR NATIONS /

Guardado en:
Bibliografiske detaljer
Hovedforfatter: Ward, Barbara (autor)
Format: Bog
Fag:
Tags: Tilføj Tag
Ingen Tags, Vær først til at tagge denne postø!

MARC

LEADER 00000nam^a2200000^a^4500
001 000241654
005 20250521000000.0
009 20260310105224.818
035 |a 063239 
037 |a Acervo Xavier Clavigero 
082 |a 330. 9 WAR 
100 |a Ward, Barbara  |e (autor) 
245 1 4 |a THE RICH NATIONS AND POOR NATIONS /  |c BARBARA WARD 
264 |a Nueva York, EUA :  |b Norton,  |c 1962 
300 |a 159 p. 
336 |a texto  |b txt  |2 rdacontenido 
337 |a sin mediación  |b n  |2 rdamedio 
338 |a volumen  |b nc  |2 rdasoporte 
649 |a XX 
650 |a Países Desarrollados -  |x Condiciones Económicas 
650 |a Países Subdesarrollados -  |x Condiciones Económicas 
910 |a Fondo General 
920 |a Impresos - Libros 
930 |a Colección General 
905 |a 101 
901 |a 063239  |b IT1  |c ACC  |i 063239  |u 20250521 
902 |a https://opac.biblio.iteso.mx/vufind/Record/000241654